<?xml version="1.0" encoding="UTF-8"?><?xml-stylesheet type="text/xsl" href="static/style.xsl"?><OAI-PMH xmlns="http://www.openarchives.org/OAI/2.0/" xmlns:xsi="http://www.w3.org/2001/XMLSchema-instance" xsi:schemaLocation="http://www.openarchives.org/OAI/2.0/ http://www.openarchives.org/OAI/2.0/OAI-PMH.xsd"><responseDate>2026-04-28T16:22:04Z</responseDate><request verb="GetRecord" identifier="oai:riubu.ubu.es:10259/6283" metadataPrefix="marc">https://riubu.ubu.es/oai/request</request><GetRecord><record><header><identifier>oai:riubu.ubu.es:10259/6283</identifier><datestamp>2021-12-15T01:00:14Z</datestamp><setSpec>com_10259.4_103</setSpec><setSpec>com_10259.4_1</setSpec><setSpec>com_10259_2604</setSpec><setSpec>col_10259_6276</setSpec></header><metadata><record xmlns="http://www.loc.gov/MARC21/slim" xmlns:doc="http://www.lyncode.com/xoai" xmlns:xsi="http://www.w3.org/2001/XMLSchema-instance" xmlns:dcterms="http://purl.org/dc/terms/" xsi:schemaLocation="http://www.loc.gov/MARC21/slim http://www.loc.gov/standards/marcxml/schema/MARC21slim.xsd">
<leader>00925njm 22002777a 4500</leader>
<datafield tag="042" ind1=" " ind2=" ">
<subfield code="a">dc</subfield>
</datafield>
<datafield tag="720" ind1=" " ind2=" ">
<subfield code="a">Cuesta Nieto, José Antonio</subfield>
<subfield code="e">author</subfield>
</datafield>
<datafield tag="260" ind1=" " ind2=" ">
<subfield code="c">2015</subfield>
</datafield>
<datafield tag="520" ind1=" " ind2=" ">
<subfield code="a">En 1641 los beneficiados y capellanes de Monasterio de&#xd;
Rodilla y otros ocho pueblos próximos fundaron una congregación de&#xd;
clérigos que era a la vez una cofradía estamental y una cofradía de&#xd;
ánimas. Analizamos algunos rasgos prosopográficos de los clérigos&#xd;
que la integraron y su desarrollo hasta finales del siglo XVIII.</subfield>
</datafield>
<datafield tag="520" ind1=" " ind2=" ">
<subfield code="a">In 1641, the presbyters and chaplains of the Monasterio&#xd;
de Rodilla (a Spanish monastery) along with other eight nearby villa -&#xd;
ges founded a congregation of clergymen. It was also a confraternity&#xd;
of two kinds (estamental and de ánimas). We analyse some prosopographical&#xd;
features of the member clergymen and its development&#xd;
until the end of the 18th century.</subfield>
</datafield>
<datafield tag="024" ind2=" " ind1="8">
<subfield code="a">0211-8998</subfield>
</datafield>
<datafield tag="024" ind2=" " ind1="8">
<subfield code="a">http://hdl.handle.net/10259/6283</subfield>
</datafield>
<datafield ind1=" " ind2=" " tag="653">
<subfield code="a">Congregación de clérigos</subfield>
</datafield>
<datafield ind1=" " ind2=" " tag="653">
<subfield code="a">Monasterio de Rodilla</subfield>
</datafield>
<datafield ind1=" " ind2=" " tag="653">
<subfield code="a">Burgos</subfield>
</datafield>
<datafield ind1=" " ind2=" " tag="653">
<subfield code="a">Clergymen confraternity</subfield>
</datafield>
<datafield tag="245" ind1="0" ind2="0">
<subfield code="a">La congregación de San Pedro del Valle de Monasterio de Rodilla</subfield>
</datafield>
</record></metadata></record></GetRecord></OAI-PMH>